000 00791cam a2200205 4500
001 D6157
008 090401t1954 xxu||||| |||| 00| 0 eng d
035 _a(Sirsi) u87641
041 _aeng
050 _a621.008
110 _aJoint Committee on Model Forms of General Conditions of Contract
_92859
245 _aModel form of general conditions of contract including forms of agreement and guarantee recommended by the Institution of Mechanical Engineers, The Institution of Electrical Engineers and the Association of Consulting Engineers for use in connection withhome contracts with erection
250 _a1948
260 _aLondon
_bInstitution of Electrical Engineers
_c1954
300 _a17p. 33cm
350 _a0
520 _aCover title
942 _n0
948 _c04/03/1997
999 _c97258
_d97258